|
|
|
|
| LEADER |
01340nam a22003137a 4500 |
| 001 |
41503 |
| 003 |
BD-DhAAL |
| 005 |
20230720121849.0 |
| 008 |
230718r20232022bg ||||| b||| 001 0 ben d |
| 020 |
|
|
|a 9789848047446
|
| 040 |
|
|
|a BD-DhAAL
|d BD-DhAAL
|
| 041 |
|
|
|a ben
|
| 082 |
|
|
|a 181.07
|
| 100 |
|
|
|a মাহমুদ, হাসান.
|9 5924
|
| 245 |
|
|
|a বাঙালি মুসলমান প্রশ্ন /
|c হাসান মাহমুদ.
|
| 246 |
|
|
|a Bangali musolman proshno
|
| 260 |
|
|
|a ঢাকা :
|b স্বরে অ,
|c ২০২২ [তৃতীয় মুর্দ্রণ ২০২৩].
|
| 300 |
|
|
|a ১৯২ পৃষ্ঠা ;
|c ২২ সে.মি.
|
| 504 |
|
|
|a গ্রন্থপঞ্জিগত নির্দেশিকা ও নিঘন্ট অন্তভূক্ত
|
| 526 |
|
|
|a GenEd
|
| 541 |
|
|
|a Development Book Agency
|e 41503
|
| 650 |
|
|
|a Muslims
|z India
|z Bengal
|x Intellectual life.
|9 12981
|
| 650 |
|
|
|a Islamic civilization.
|9 55145
|
| 650 |
|
|
|a Islamic philosophy.
|
| 650 |
|
|
|a Islam.
|
| 852 |
|
|
|a Ayesha Abed Library
|c General Stacks
|
| 942 |
|
|
|2 ddc
|c BK
|
| 999 |
|
|
|c 44631
|d 44631
|
| 952 |
|
|
|0 0
|1 0
|2 ddc
|4 0
|6 181_070000000000000_MAH
|7 0
|9 73932
|a SCL
|b SCL
|c GEN
|d 2023-07-12
|e Development Book Agency
|g 450.00
|l 0
|o 181.07 MAH
|p 3020041503
|r 2024-04-01
|t 1
|v 450.00
|w 2023-07-12
|y BK
|